000 01394nam a22003494a 4500
001 ebr10191538
003 CaPaEBR
006 m u
007 cr cn|||||||||
008 020531s2003 caua sb 001 0 eng
010 _z 2002107710
020 _z0120683776
040 _aCaPaEBR
_cCaPaEBR
035 _a(OCoLC)647656049
050 1 4 _aTK7888.3
_b.A8718 2003eb
082 0 4 _a004.6/16
_222
100 1 _aAusterlitz, Howard.
245 1 0 _aData acquisition techniques using PCs
_h[electronic resource] /
_cHoward Austerlitz.
250 _a2nd ed.
260 _aSan Diego, Calif. :
_bAcademic Press,
_cc2003.
300 _axii, 416 p. :
_bill.
500 _aRev. ed. of: Data acquisition techniques using personal computers. 1991.
504 _aIncludes bibliographical references and index.
533 _aElectronic reproduction.
_bPalo Alto, Calif. :
_cebrary,
_d2013.
_nAvailable via World Wide Web.
_nAccess may be limited to ebrary affiliated libraries.
650 0 _aMicrocomputers.
650 0 _aAutomatic data collection systems.
650 0 _aComputer interfaces.
655 7 _aElectronic books.
_2local
700 1 _aAusterlitz, Howard.
_tData acquisition techniques using personal computers.
710 2 _aebrary, Inc.
856 4 0 _uhttp://site.ebrary.com/lib/rucke/Doc?id=10191538
_zAn electronic book accessible through the World Wide Web; click to view
999 _c219535
_d219535